Stredoeurópska dohoda o voľnom obchode

Bibliographic Details
Main Author: Nejezchlebová, Ľubica (Author)
Format: Article
Language:Slovak
ISSN:0862-9567
Subjects:

MARC

LEADER 00000nab a2200000 a 4500
001 vtls000521435
003 SK-MaSNL
005 20260303012656.0
008 140228c1994 xo 0 slo
015 |a SNBRB19rr/mm-uuuuu 
035 |a CL0521573 
040 |a SNKBUCL  |b slo  |c SNKBUCL  |e AACR2 
041 0 |a slo 
044 |a xo  |c SK 
080 |a 339.54.012.42(4-11):061.1  |2 1981 
100 1 |a Nejezchlebová, Ľubica  |4 aut  |9 992608 
245 1 0 |a Stredoeurópska dohoda o voľnom obchode  |c Ľubica Nejezchlebová 
650 0 7 |a Stredoeurópska dohoda o voľnom obchode (CEFTA)  |2 snkbucl  |9 986853 
655 7 |a články z novín a časopisov  |2 snkbucl  |9 267496 
773 0 |t Hospodárske noviny  |g Č. 111 (9. 6. 1994)  |x 0862-9567 
773 0 |t [Príl.] Burzové noviny  |g Č. 111, s. 4  |x 0862-9567 
850 |a Slovenská národná knižnica v Martine  |a MTA001 
852 |a SNK  |b KIS3GCP 
958 |a RK 
992 |a RBX 
999 |c 1598513  |d 1600443